000 00580nam a22001817a 4500
999 _c186849
_d186849
005 20220321142815.0
010 _aENG-132045
020 _a9789386755490
_c200.00
035 _aEN-115577
037 _bDBAD
082 _a150
100 _aSheeba, Ayesha
245 _aSimply Spirit:
_bEmpower Your Soul/
_cAyesha Sheeba
260 _aChennai
_bUnique Media Integrators
_c2018
270 _a#8, 6th Cross, 8th Main Road, Vaishnavi Nagar, Thirumullaivoyal
_bChennai
_e600109
_mumi.infobooks@gmail.com
300 _a140p
_c21cm(pbk)
942 _2ddc
_cEN
_h150
_mSHE